Soil quality and biofuel production / (Record no. 138165)

MARC details
000 -LEADER
fixed length control field 00570cam a22002054a 4500
003 - CONTROL NUMBER IDENTIFIER
control field OSt
020 ## - INTERNATIONAL STANDARD BOOK NUMBER
International Standard Book Number 9781439800737 (hardcover : alk. paper)
020 ## - INTERNATIONAL STANDARD BOOK NUMBER
International Standard Book Number 1439800731 (hardcover : alk. paper)
082 00 - DEWEY DECIMAL CLASSIFICATION NUMBER
Classification number 662.6692
Item number LAL/SO
245 00 - TITLE STATEMENT
Title Soil quality and biofuel production /
260 ## - PUBLICATION, DISTRIBUTION, ETC. (IMPRINT)
Place of publication, distribution, etc Boca Raton :
Name of publisher, distributor, etc CRC Press,
Date of publication, distribution, etc c2010.
300 ## - PHYSICAL DESCRIPTION
Extent xii, 210 p. :
490 1# - SERIES STATEMENT
Series statement Advances in soil science
650 #0 - SUBJECT ADDED ENTRY--TOPICAL TERM
Topical term or geographic name as entry element Biomass energy
650 #0 - SUBJECT ADDED ENTRY--TOPICAL TERM
Topical term or geographic name as entry element Soils
650 #0 - SUBJECT ADDED ENTRY--TOPICAL TERM
Topical term or geographic name as entry element Ecological consequences of biofuel
700 1# - ADDED ENTRY--PERSONAL NAME
Personal name Lal, R.
700 1# - ADDED ENTRY--PERSONAL NAME
Personal name Stewart, B. A.
942 ## - ADDED ENTRY ELEMENTS (KOHA)
Source of classification or shelving scheme Dewey Decimal Classification
Koha item type Books (General)
Holdings
Withdrawn status Lost status Source of classification or shelving scheme Damaged status Not for loan Home library Current library Shelving location Date acquired Cost, normal purchase price Total Checkouts Full call number Barcode Date last seen Price effective from Koha item type Collection code
    Dewey Decimal Classification     KAU Central Library, Thrissur KAU Central Library, Thrissur General 25/06/2014 2295.00   662.6692 RAT/SO 223311 25/06/2014 25/06/2014 Books (General)  
    Dewey Decimal Classification     KAU Central Library, Thrissur KAU Central Library, Thrissur General 03/05/2018 2295.00   662.6692 RAT/SO 228022 03/05/2018 03/05/2018 Books (General) General
Kerala Agricultural University Central Library
Thrissur-(Dt.), Kerala Pin:- 680656, India
Ph : (+91)(487) 2372219
E-mail: librarian@kau.in
Website: http://library.kau.in/